Normal view
MARC view
Entry Topical Term
001 - CONTROL NUMBER
- control field: 40909
003 - CONTROL NUMBER IDENTIFIER
- control field: ARRUPE
005 - DATE AND TIME OF LATEST TRANSACTION
- control field: 20180323095419.0
008 - FIXED-LENGTH DATA ELEMENTS
- fixed length control field: 180323|| aca||aabn | a|a d
040 ## - CATALOGING SOURCE
- Original cataloging agency: ARRUPE
- Transcribing agency: ARRUPE
150 ## - HEADING--TOPICAL TERM
- Topical term or geographic name as entry element: Adolescence
670 ## - SOURCE DATA FOUND
- Source citation: Work cat.: (ARRUPE): Elwin, Verrier 40907, Maisons des jeunes chez les Muria, 1959